Water security: a discursive analysis (Record no. 66385)

000 -LEADER
fixed length control field 01101pab a2200157 454500
008 - FIXED-LENGTH DATA ELEMENTS--GENERAL INFORMATION
fixed length control field 180718b2005 xxu||||| |||| 00| 0 eng d
100 ## - MAIN ENTRY--PERSONAL NAME
Personal name Sinha, Uttam Kumar
245 ## - TITLE STATEMENT
Title Water security: a discursive analysis
260 ## - PUBLICATION, DISTRIBUTION, ETC.
Date of publication, distribution, etc. 2005
300 ## - PHYSICAL DESCRIPTION
Extent p.317-21.
362 ## - DATES OF PUBLICATION AND/OR SEQUENTIAL DESIGNATION
Dates of publication and/or sequential designation Apr-Jun
520 ## - SUMMARY, ETC.
Summary, etc. Water resources continue to attract considerable attention and have increasingly become a significant feature of the world security environment. In order to locate water in the security continuum, it is necessary to revisit the debate on the traditional and non-traditional aspects of security. On the one hand, notions and images often conjured up when water issue is highlighted are often associated with concerns like national survival, inter and intra-state tension and the likelihood of "water wars" - the `securitisation' of water. On the other hand, the security discourse also examines the necessity to `desecuritise' water-related problems so as to reduce perception of threat and facilitate negotiations. - Reproduced.
650 ## - SUBJECT ADDED ENTRY--TOPICAL TERM
Topical term or geographic name entry element Water resources
773 ## - HOST ITEM ENTRY
Main entry heading Strategic Analysis
909 ## -
-- 66385
Holdings
Withdrawn status Lost status Damaged status Not for loan Permanent Location Current Location Date acquired Serial Enumeration / chronology Barcode Date last seen Price effective from Koha item type
        Indian Institute of Public Administration Indian Institute of Public Administration 2018-07-19 Volume no: 29, Issue no: 2 AR66837 2018-07-19 2018-07-19 Articles

Powered by Koha